Area : (Registro nro. 4994)
[ vista simple ]
| 000 -LEADER | |
|---|---|
| fixed length control field | 00956nam a22003137a 4500 |
| 003 - CONTROL NUMBER IDENTIFIER | |
| control field | PE SENCICO BE |
| 005 - DATE AND TIME OF LATEST TRANSACTION | |
| control field | 20251020182708.0 |
| 008 - FIXED-LENGTH DATA ELEMENTS--GENERAL INFORMATION | |
| fixed length control field | 240702b |||||||| |||| 00| 0 eng d |
| 040 ## - CATALOGING SOURCE | |
| Original cataloging agency | PE SENCICO BE |
| Transcribing agency | PE SENCICO BE |
| 041 ## - LANGUAGE CODE | |
| Language code of text/sound track or separate title | spa |
| 110 1# - MAIN ENTRY--CORPORATE NAME | |
| 9 (RLIN) | 2371 |
| Corporate name or jurisdiction name as entry element | Idea SRL |
| 245 1# - TITLE STATEMENT | |
| Title | Area : |
| Remainder of title | rivista di architettura e arti del progetto / |
| Statement of responsibility, etc. | Idea SRL |
| 260 ## - PUBLICATION, DISTRIBUTION, ETC. | |
| Place of publication, distribution, etc. | Bologna [Italia] : |
| Name of publisher, distributor, etc. | Idea SRL ; |
| Date of publication, distribution, etc. | 2011 - |
| 300 ## - PHYSICAL DESCRIPTION | |
| Extent | v. |
| Other physical details | il. col. ; |
| Dimensions | 31 cm. |
| 310 ## - CURRENT PUBLICATION FREQUENCY | |
| Current publication frequency | Bimestral |
| 500 ## - GENERAL NOTE | |
| General note | Descripción basada en: N° 119 (nov. - dic. 2011) |
| 500 ## - GENERAL NOTE | |
| General note | Texto en idioma italiano |
| 650 10 - SUBJECT ADDED ENTRY--TOPICAL TERM | |
| 9 (RLIN) | 191 |
| Topical term or geographic name entry element | Arquitectura moderna |
| 650 20 - SUBJECT ADDED ENTRY--TOPICAL TERM | |
| 9 (RLIN) | 275 |
| Topical term or geographic name entry element | Arte moderno |
| 650 20 - SUBJECT ADDED ENTRY--TOPICAL TERM | |
| 9 (RLIN) | 966 |
| Topical term or geographic name entry element | Arte y diseño |
| 650 20 - SUBJECT ADDED ENTRY--TOPICAL TERM | |
| 9 (RLIN) | 18 |
| Topical term or geographic name entry element | Diseño arquitectónico |
| 650 20 - SUBJECT ADDED ENTRY--TOPICAL TERM | |
| 9 (RLIN) | 83 |
| Topical term or geographic name entry element | Arte |
| 650 20 - SUBJECT ADDED ENTRY--TOPICAL TERM | |
| 9 (RLIN) | 8 |
| Topical term or geographic name entry element | Arquitectura de interiores |
| 650 20 - SUBJECT ADDED ENTRY--TOPICAL TERM | |
| 9 (RLIN) | 760 |
| Topical term or geographic name entry element | Espacios públicos |
| 866 ## - TEXTUAL HOLDINGS--BASIC BIBLIOGRAPHIC UNIT | |
| Existencias | 2011 : No. 119 |
| 866 ## - TEXTUAL HOLDINGS--BASIC BIBLIOGRAPHIC UNIT | |
| Existencias | 2013 : No. 131 |
| 910 ## - USER-OPTION DATA (OCLC) | |
| User-option data | hfp |
| -- | hfp |
| -- | hfp |
| 942 ## - ADDED ENTRY ELEMENTS (KOHA) | |
| Koha item type | Revista |
| Source of classification or shelving scheme | Dewey Decimal Classification |
| Fecha de la última vez que lo usaron | Pago total | Signatura topográfica completa | Código de barras | Precio efectivo desde | Tipo de documento | Estado perdido | Estado dañado | No es para préstamo | Retirado | Ubicación permanente | Ubicación actual | Fecha de adquisición |
|---|---|---|---|---|---|---|---|---|---|---|---|---|
| 02/07/2024 | No. 119; nov. - dic. 2011 | BibLima24070011 | 02/07/2024 | Revista | Biblioteca Central Lima | Biblioteca Central Lima | 02/07/2024 | |||||
| 02/07/2024 | No. 131; nov. - dic. 2013 | BibLima24070012 | 02/07/2024 | Revista | Biblioteca Central Lima | Biblioteca Central Lima | 02/07/2024 |